OpenSHMEM and Related Technologies : Experiences, Implementations, and Tools : First Workshop, OpenSHMEM 2014, Annapolis, MD, USA, March 4-6, 2014 : Proceedings /

Selección de ponencias del primer Taller OpenSHMEM, celebrado en Annapolis, EUA, en marzo de 2014. Los artículos abordan diversos aspectos del lenguaje de programación OpenSHMEM, entre los que destacan, la implementación y la evaluación, así como las herramientas, extensiones y aplicaciones.

Guardat en:
Dades bibliogràfiques
Autor corporatiu: OpenSHMEM Workshop ( Annapolis, EUA)
Altres autors: Poole, Stephen (edición) (edición)
Format: Actes de congresos Llibre
Idioma:anglès
Publicat: Cham, Suiza : Springer, 2014, c2014
Col·lecció:(Lecture Notes in Computer Science ; 8356)
Matèries:
Accés en línia:Ver documento en línea
Etiquetes: Afegir etiqueta
Sense etiquetes, Sigues el primer a etiquetar aquest registre!

MARC

LEADER 00000nam^a2200000^a^4500
001 000565420
005 20251023000000.0
009 20260310132045.817
020 |a 978-3-319-05215-1 
037 |a Acervo ITESO - Biblioteca 
041 |a ING 
082 |a Libro en línea 
111 |a OpenSHMEM Workshop (  |n 1° :  |d 2014 :  |c Annapolis, EUA) 
245 1 0 |a OpenSHMEM and Related Technologies :  |b Experiences, Implementations, and Tools : First Workshop, OpenSHMEM 2014, Annapolis, MD, USA, March 4-6, 2014 : Proceedings /  |c Ed. de S. Poole... [et al.]. 
264 4 |a Cham, Suiza :  |b Springer,  |c 2014, c2014 
264 2 |a Cham, Suiza :  |b Springer Link [distribución],  |c 2014 
300 |a 1 libro electrónico en línea (X, 191 p.) 
300 |a 1 recurso en línea 
336 |a datos para computadora  |b cod  |2 rdacontenido 
337 |a computadora  |b c  |2 rdamedio 
338 |a recurso en línea  |b cr  |2 rdasoporte 
440 1 |a (Lecture Notes in Computer Science ;  |v 8356) 
506 0 |a Licencias ilimitadas 
520 |a Selección de ponencias del primer Taller OpenSHMEM, celebrado en Annapolis, EUA, en marzo de 2014. Los artículos abordan diversos aspectos del lenguaje de programación OpenSHMEM, entre los que destacan, la implementación y la evaluación, así como las herramientas, extensiones y aplicaciones. 
649 |a XX 
650 |a Programación Funcional (Software) 
650 |a Proceso en Paralelo 
650 |a Procesamiento en Paralelo -  |x Tema Principal 
650 |a Redes de Computadoras 
650 |a Proceso de Datos 
650 |a Lenguajes de Programación -  |x Tema Principal 
650 |a Programación (Software) -  |x Congresos -  |x Tema Principal 
650 |a Desarrollo de Sistemas 
650 |a Sistemas Computacionales 
650 |a Ingeniería Computacional 
700 |a Poole, Stephen  |e (edición) 
856 4 0 |u https://link-springer-com.ezproxy.iteso.mx/10.1007/978-3-319-05215-1  |y Ver documento en línea 
910 |a Fondo General 
920 |a Electrónicos - Libros en Línea 
930 |a Plataforma Digital 
905 |a 205 
901 |a 565420-1  |b IT2  |c EBO  |i C  |u 20250521 
902 |a https://opac.biblio.iteso.mx/vufind/Record/000565420